<The> Electronic Engineer

Salvato in:
Dettagli Bibliografici
Natura: Periodico
Lingua:inglese
Pubblicazione: Philadelphia Chilton, Cor Chestnut 1970
Tags: Aggiungi Tag
Nessun Tag, puoi essere il primo ad aggiungerne!!

MARC

LEADER 00000nas2a2200000$$$4500
001 0009918
005 20250730114247.2
041 0 |a eng 
044 |a US 
245 1 0 |a <The> Electronic Engineer 
264 1 |a Philadelphia  |b Chilton, Cor Chestnut  |c 1970 
500 |a Reprint 
773 0 |w eu_un_cat*0009910